00349nam a2200121Ia 4500008004100000040001600041041001200057082001900069100001900088245007800107260002800185300001400213230917s9999||||xx |||||||||||||| ||und|| e61770aMAIN aEnglish a362.10973 E65S aEnos, Darryl D 4aThe sociology of health care: social, economic and political perspectives aNew YorkbPreagerc1977 ax, 420 p.